000 00799nam a2200193 a 4500
001 000034483
005 20200930073726.0
008 111005s2005 mx 000 0 spa d
020 _a9781872843865
040 _aDO-SdBNP
_bspa
_cBNPHU
100 1 _aÁguila M., Marcos Tonatiuh.
_959924
245 1 0 _aTrabajo, fortuna y poder :
_bManuel Espinosa Yglesias un empresario mexicano del siglo XX /
_cresponsables, Marcos T. Águila, Martí Soler, Roberto Suárez ; investigadores, Cuauhtémoc Ochoa, Haydeé Villacorta.
260 _cMéxico : 2005.
_bCentro de Estudios Espinosa Yglesias,
_c2007.
300 _a379 p. ;
_c23 cm.
500 _aIncluye referencias bibliográficas y notas al pie de las páginas
700 1 _aSoler, Martí
_929456
700 1 2 _aSuárez, Roberto.
_959925
049 _aBNPD
999 _c33974
_d33974